000 00887cam a2200277 4500
001 J3711
008 090401t1996 xxu||||| |||| 00| 0 eng d
035 _a(Sirsi) u56620
041 _aeng
050 _a332.6324
100 _aVenmore-Rowland, Piers
245 _aProperty securitisation : opportunity or threat?
260 _aLondon
_bNelson Bakewell
_c1996
300 _a6p. ; 30cm.
350 _a0
520 _aThe Nelson Bakewell and South Bank University Annual Estate Management Lecture 1996, 20 May 1996.
650 _aANNUAL ESTATE MANAGEMENT LECTURE 1996
650 _aPROPERTY INVESTMENT
650 _aPROPERTY SECURITISATION
650 _aSECURITISATION
690 _aPROPERTY-COMMERCIAL PROPERTY-COMMERCIAL PROPERTY FINANCE AND INVESTMENT
710 _aNelson Bakewell
_92525
710 _aSouth Bank University
_9492
942 _n0
948 _c04/03/1997
999 _c93816
_d93816